Meždunarodnyje aviacionnyje organizacii.

Uložené v:
Podrobná bibliografia
Hlavný autor: Tichonov, V.M
Médium: Kniha
Jazyk:Slovak
Vydané: 1986.
Tagy: Pridať tag
Žiadne tagy, Buďte prvý kto otaguje tento záznam!

MARC

LEADER 00000nam a22000004a 4500
001 000525921
005 20161031084047.0
008 161031s1986 xo e 000 0 slo d
040 |a SVKKK  |b slo  |c SVKKK  |e AACR2 
100 1 |a Tichonov, V.M. 
245 1 0 |a Meždunarodnyje aviacionnyje organizacii. 
260 |c 1986. 
500 |a Záznam revízie 
910 |a svkkk 
998 |a BK 
090 |g SCKHL  |k Sklad Hlavná 10 prízemie  |a I.57368  |j 753051  |i 2720389811  |s Absenčne